Prueba de Conocimientos Específicos: Matemática

Furkejuvvon:
Bibliográfalaš dieđut
Váldodahkkit: Valdivia C., Mario (Dahkki), Pardow N., Arturo (Dahkki)
Materiálatiipa: Girji
Giella:espánnjágiella
Almmustuhtton: Santiago Universidad de Concepción 1993
Preanttus:2a. ed
Ráidu:Programa de Estudio Independiente
Fáttát:
Fáddágilkorat: Lasit fáddágilkoriid
Eai fáddágilkorat, Lasit vuosttaš fáddágilkora!

MARC

LEADER 00000nam a2200000 a 4500
001 UCH6363
003 CL-VaPUC
008 091109e19930000CL |||||||||||||||||spa|d
082 0 4 |a 378.16  |b VAL  |2 21 
100 0 |a Valdivia C., Mario  |e author  |9 542808 
700 0 |a Pardow N., Arturo  |e author  |9 542809 
245 1 0 |a Prueba de Conocimientos Específicos: Matemática 
250 |a 2a. ed 
300 |a 437 p 
942 |c BK 
945 |d 20091109 00:00:00  |a lazolas 
260 |a Santiago  |b Universidad de Concepción  |c 1993 
650 0 |a Matemáticas   |v Problemas, ejercicios, etc  |9 883048 
650 7 |a PRUEBA DE CONOCIMIENTOS ESPECIFICOS  |2 CL-VaPUC  |9 542811 
650 7 |a PRUEBA DE APTITUD ACADEMICA  |2 CL-VaPUC  |9 542812 
583 |a last modification  |c 20091109 00:00:00  |k Rodrigo Vera 
490 0 |a Programa de Estudio Independiente 
999 |c 337267  |d 337265